Global advantage on the Internet : (Record no. 179116)
[ view plain ]
| 000 -LEADER | |
|---|---|
| fixed length control field | 01426 a2200241 4500 |
| 003 - CONTROL NUMBER IDENTIFIER | |
| control field | Nust |
| 005 - DATE AND TIME OF LATEST TRANSACTION | |
| control field | 20230127103304.0 |
| 010 ## - LIBRARY OF CONGRESS CONTROL NUMBER | |
| LC control number | 95031352 |
| 020 ## - INTERNATIONAL STANDARD BOOK NUMBER | |
| International Standard Book Number | 0442019386 |
| 040 ## - CATALOGING SOURCE | |
| Transcribing agency | Nust |
| 082 00 - DEWEY DECIMAL CLASSIFICATION NUMBER | |
| Classification number | 658.05467,CRO |
| 100 1# - MAIN ENTRY--PERSONAL NAME | |
| Personal name | Cronin, Mary J. |
| 9 (RLIN) | 55580 |
| 245 10 - TITLE STATEMENT | |
| Title | Global advantage on the Internet : |
| Remainder of title | from corporate connectivity to international competitiveness / |
| Statement of responsibility, etc. | Mary J. Cronin ; [foreword by Cathy J. Medich]. |
| 260 ## - PUBLICATION, DISTRIBUTION, ETC. | |
| Place of publication, distribution, etc. | New York : |
| Name of publisher, distributor, etc. | Van Nostrand Reinhold, |
| Date of publication, distribution, etc. | c1996. |
| 300 ## - PHYSICAL DESCRIPTION | |
| Extent | x, 358 p. : |
| Other physical details | ill. ; |
| Dimensions | 23 cm. |
| 505 ## - FORMATTED CONTENTS NOTE | |
| Formatted contents note | Business without Borders (Page-1), Covering Cyberspace (Page-27), Serving Information on a Worldwide Platter (Page-49), Opening the Marketplace to electronic Commerce (Page-71), Continental Divide (Page-93), Community ties (Page-119), Japan making the Competitive Connection (Page-149), Building Global Business (Page-171), Net Value (Page-199), Country Positioning (Page-217), Assessing Information Resources (Page-245), National Policy and Global Adventure (Page-263), International Internet Statistics (Page-277), Selected Web Sites by Country (Page-293), Global Internet Access Sampler (Page-307). |
| 650 #0 - SUBJECT ADDED ENTRY--TOPICAL TERM | |
| Topical term or geographic name entry element | Business enterprises |
| General subdivision | Communication systems. |
| 9 (RLIN) | 12432 |
| 650 #0 - SUBJECT ADDED ENTRY--TOPICAL TERM | |
| Topical term or geographic name entry element | Business |
| General subdivision | Computer network resources. |
| 9 (RLIN) | 107854 |
| 650 #0 - SUBJECT ADDED ENTRY--TOPICAL TERM | |
| Topical term or geographic name entry element | Competition, International. |
| 9 (RLIN) | 13612 |
| 650 #0 - SUBJECT ADDED ENTRY--TOPICAL TERM | |
| Topical term or geographic name entry element | Internet. |
| 9 (RLIN) | 17965 |
| 650 #0 - SUBJECT ADDED ENTRY--TOPICAL TERM | |
| Topical term or geographic name entry element | World Wide Web. |
| 9 (RLIN) | 18094 |
| 942 ## - ADDED ENTRY ELEMENTS (KOHA) | |
| Source of classification or shelving scheme | |
| Koha item type | Book |
| Call number prefix | 658.05467,CRO |
| Withdrawn status | Lost status | Source of classification or shelving scheme | Damaged status | Not for loan | Permanent Location | Current Location | Shelving location | Date acquired | Full call number | Barcode | Date last seen | Price effective from | Koha item type | Public note |
|---|---|---|---|---|---|---|---|---|---|---|---|---|---|---|
| Military College of Signals (MCS) | Military College of Signals (MCS) | General Stacks | 12/12/2016 | 658.05467,CRO | MCS1966 | 12/08/2016 | 12/12/2016 | Book | Almirah No. 55, Shelf No. 1 |
